000 00524 a2200169 4500
005 20250526140621.0
020 _a978-0-07-338113-8
082 _a658.8 PET
100 _aPETER, J. P.
245 _aMarketing Management : Knowledge and Skills.
250 _a9th Ed.
260 _aNew York,
_bMcgraw-Hill Irwin.
_c2009.
300 _axvii,782p.: Ill.;figures & picture
_bIndex
_c26cm.
700 _aDONNELLY, J. H.
856 _yAccess Online Book
_fMarketing Management
_dwww.mhhe.com/peterdonnelly9e
942 _2ddc
_cBKS
999 _c2678
_d2678